History by Images - 'K' - Statistics

General Stats
  • This quiz has been taken 68 times
  • The average score is 8 of 16
Answer Stats
Picture Hint Answer % Correct
Peninsula divided in 1953 Korea
95%
German philosopher Karl Marx
92%
Invaded in Gulf War Kuwait
90%
"Divine Wind" Pilots Kamikaze
80%
1580s' Polish Capital Krakow
80%
His title Kaiser
77%
Southeast Asian Empire Khmer
72%
Former Yuan Dynasty Emperor Kublai Khan
72%
7th Secretary General of UN Kofi Annan
57%
1st German chancellor post WW2 Konrad Adenauer
36%
Government enter since 1156 Kremlin
25%
Second pharaoh of the Fourth Dynasty Khufu
23%
First Greek city to be liberated in 1821 Kalamata
16%
13th century BCE battle Kadesh
5%
Period marking emergence of Samurai Kamakura
5%
Temples built between 950 and 1050 AD Khajuraho
3%
No matching quizzes found
Score Distribution
Percent of People with Each Score
Percentile by Number Answered
Your Score History
You have not taken this quiz